[Event "Mittelrhein Regionalliga 18/19"]
[Site "Nordrheinwestfalen"]
[Date "2018.10.28"]
[Round "3.1"]
[White "Maric, Boris"]
[Black "Weigant, Wladimir"]
[Result "1-0"]
[WhiteElo "2010"]
[BlackElo "2165"]
[PlyCount "105"]
[EventDate "2018.10.28"]
[EventType "team-tourn"]
[EventRounds "11"]
[EventCountry "GER"]
[SourceTitle "EXT 2022"]
[Source "ChessBase"]
[SourceDate "2021.10.06"]
[SourceVersion "1"]
[SourceVersionDate "2021.10.06"]
[SourceQuality "1"]
[WhiteTeam "Koeln SF II"]
[BlackTeam "Bonn Stadtverwaltung"]
[WhiteTeamCountry "GER"]
[BlackTeamCountry "GER"]

1. d4 Nf6 2. c4 d6 3. Nc3 Nbd7 4. e4 e5 5. Be3 Be7 6. f3 0-0 7. Qd2 c6 8. 0-0-0 Qc7 9. g4 a6 10. Kb1 b5 11. d5 c5 12. h4 bxc4 13. h5 Kh8 14. g5 Ng8 15. Bh3 Nb6 16. f4 Bxh3 17. Nxh3 Nd7 18. f5 f6 19. Rdg1 fxg5 20. Bxg5 h6 21. Be3 Rf7 22. Rg6 Nf8 23. Nf2 Nh7 24. Nh3 Rb8 25. Rhg1 Bf6 26. Nd1 a5 27. Qc2 Qa7 28. Qxc4 Rb4 29. Qc2 a4 30. a3 Rb3 31. R6g3 Qb8 32. Bc1 Rfb7 33. Rc3 Rxc3 34. Nxc3 Rb3 35. Ka2 Qe8 36. Qe2 Qd7 37. Rh1 Rb8 38. Qa6 Qe7 39. Nxa4 Ng5 40. Nxg5 Bxg5 41. Bxg5 hxg5 42. Nc3 g4 43. Nb5 Rd8 44. Nc3 Nh6 45. a4 Qg5 46. Qb6 Nf7 47. a5 g3 48. a6 Qe7 49. Nb5 Rc8 50. a7 Qe8 51. Rg1 Ra8 52. Rxg3 Kh7 53. Ra3 1-0

[Event "Mittelrhein Regionalliga 1718"]
[Site "Nordrheinwestfalen"]
[Date "2018.01.14"]
[Round "5.2"]
[White "Weigant, Wladimir"]
[Black "Christensen, Niels"]
[Result "1/2-1/2"]
[WhiteElo "2129"]
[BlackElo "2186"]
[PlyCount "47"]
[EventDate "2017.09.10"]
[EventType "team-tourn"]
[EventRounds "9"]
[EventCountry "GER"]
[SourceTitle "EXT 2022"]
[Source "ChessBase"]
[SourceDate "2021.10.06"]
[SourceVersion "1"]
[SourceVersionDate "2021.10.06"]
[SourceQuality "1"]
[WhiteTeam "Bonn Stadtverwaltung"]
[BlackTeam "Bonn Beuel"]
[WhiteTeamCountry "GER"]
[BlackTeamCountry "GER"]

1. Nf3 d5 2. g3 Nf6 3. Bg2 c6 4. b3 Bf5 5. Bb2 e6 6. e3 Be7 7. d3 h6 8. Nbd2 0-0 9. Qe2 Nbd7 10. h3 a5 11. a4 Re8 12. 0-0 Qc7 13. Nh4 Bh7 14. f4 e5 15. fxe5 Nxe5 16. Nf5 Bxf5 17. Rxf5 Ned7 18. g4 Bc5 19. d4 Bd6 20. Qd3 Re6 21. c4 Rae8 22. Nf1 g6 23. cxd5 cxd5 24. Rf2 1/2-1/2

[Event "Mittelrhein Regionalliga 1718"]
[Site "Nordrheinwestfalen"]
[Date "2017.11.12"]
[Round "3.2"]
[White "Goossens, Etienne"]
[Black "Weigant, Wladimir"]
[Result "0-1"]
[WhiteElo "2200"]
[BlackElo "2129"]
[PlyCount "94"]
[EventDate "2017.09.10"]
[EventType "team-tourn"]
[EventRounds "9"]
[EventCountry "GER"]
[SourceTitle "EXT 2022"]
[Source "ChessBase"]
[SourceDate "2021.10.06"]
[SourceVersion "1"]
[SourceVersionDate "2021.10.06"]
[SourceQuality "1"]
[WhiteTeam "Wuerselen"]
[BlackTeam "Bonn Stadtverwaltung"]
[WhiteTeamCountry "GER"]
[BlackTeamCountry "GER"]

1. d4 Nf6 2. c4 d6 3. Nf3 g6 4. Nc3 Bg7 5. e4 0-0 6. Be2 Nc6 7. d5 Ne5 8. Nxe5 dxe5 9. Bg5 c6 10. 0-0 cxd5 11. exd5 Bf5 12. Qb3 b6 13. Rad1 h6 14. Bxf6 Bxf6 15. Bf3 Rc8 16. Rfe1 Bg7 17. h3 g5 18. Nb5 Qd7 19. a4 Rc5 20. a5 a6 21. Nc3 b5 22. cxb5 axb5 23. a6 Qa7 24. Ra1 Bd3 25. Be2 Bxe2 26. Rxe2 Rb8 27. Re4 Rb6 28. Qa3 Rc8 29. Qa5 Ra8 30. Qb4 Rxa6 31. Rxa6 Qxa6 32. Qxe7 Qa1+ 33. Kh2 Qxb2 34. Qb4 Qxf2 35. Qxb5 Ra1 36. Ne2 f5 37. Qe8+ Kh7 38. Qf7 Qf1 39. Rxe5 Qh1+ 40. Kg3 f4+ 41. Nxf4 gxf4+ 42. Kh4 Qxg2 43. Qf5+ Qg6 44. Qxg6+ Kxg6 45. Re8 Rg1 46. Rg8 f3 47. d6 f2 0-1

[Event "Mittelrhein Verbandsliga-O 16/17"]
[Site "Nordrheinwestfalen"]
[Date "2017.03.19"]
[Round "9.4"]
[White "Hoeren, Andreas"]
[Black "Weigant, Wladimir"]
[Result "1-0"]
[WhiteElo "2102"]
[BlackElo "2105"]
[PlyCount "101"]
[EventDate "2016.09.11"]
[EventType "team-tourn"]
[EventRounds "11"]
[EventCountry "GER"]
[SourceTitle "EXT 2022"]
[Source "ChessBase"]
[SourceDate "2021.10.06"]
[SourceVersion "1"]
[SourceVersionDate "2021.10.06"]
[SourceQuality "1"]
[WhiteTeam "Koeln Lasker II"]
[BlackTeam "Bonn Stadtverwaltung"]
[WhiteTeamCountry "GER"]
[BlackTeamCountry "GER"]

1. e4 Nc6 2. Nc3 e6 3. d4 d5 4. Nf3 Bb4 5. Bd3 Nf6 6. e5 Ne4 7. Bd2 Bxc3 8. Bxc3 Nxc3 9. bxc3 Na5 10. 0-0 Bd7 11. Nd2 c5 12. Qg4 g6 13. Rab1 Qc7 14. Qg5 Ba4 15. Qf6 0-0 16. dxc5 Qxc5 17. h4 Rfe8 18. h5 Qe7 19. Qf4 Bc6 20. Rfe1 a6 21. Re3 Bb5 22. Bxb5 axb5 23. Rxb5 Nc6 24. c4 Rad8 25. cxd5 Rxd5 26. Rxd5 exd5 27. c4 d4 28. Re1 f5 29. Nf3 Rd8 30. e6 Rd6 31. hxg6 hxg6 32. Ng5 d3 33. Rd1 Rd4 34. Qd2 Ne5 35. Qe3 Nc6 36. Nf3 Re4 37. Qxd3 Rxe6 38. Qd5 Kg7 39. Qd7 Re4 40. Kf1 Qxd7 41. Rxd7+ Kf6 42. Rxb7 Rxc4 43. Rb6 g5 44. Ke2 Re4+ 45. Kd3 Re6 46. Kc4 g4 47. Nd2 Kg5 48. a4 f4 49. Kd5 Re2 50. Ne4+ Kf5 51. Rxc6 1-0

[Event "Mittelrhein Verbandsliga-O 16/17"]
[Site "Nordrheinwestfalen"]
[Date "2017.01.08"]
[Round "6"]
[White "Weigant, Wladimir"]
[Black "Kuehne, Thomas"]
[Result "1-0"]
[WhiteElo "2105"]
[BlackElo "1915"]
[PlyCount "171"]
[EventDate "2016.09.11"]
[EventType "team-tourn"]
[EventRounds "11"]
[EventCountry "GER"]
[SourceTitle "EXT 2022"]
[Source "ChessBase"]
[SourceDate "2021.10.06"]
[SourceVersion "1"]
[SourceVersionDate "2021.10.06"]
[SourceQuality "1"]
[WhiteTeam "Bonn Stadtverwaltung"]
[BlackTeam "St Augustin Turm"]
[WhiteTeamCountry "GER"]
[BlackTeamCountry "GER"]

1. Nf3 d5 2. g3 Nf6 3. Bg2 g6 4. b3 Bg7 5. Bb2 0-0 6. c4 c6 7. 0-0 Nbd7 8. Qc2 Re8 9. Nc3 e5 10. cxd5 Nxd5 11. Rac1 N7f6 12. d3 Bf5 13. Nxd5 Nxd5 14. Nd2 Nb6 15. Ne4 Bxe4 16. Bxe4 Qe7 17. Bg2 Rad8 18. a3 Nd5 19. b4 Nc7 20. Rfd1 a6 21. Rb1 Nd5 22. Qb3 Kh8 23. Rdc1 f5 24. Rc5 Nc7 25. Rc4 Ne6 26. e3 Ng5 27. a4 e4 28. Bxg7+ Qxg7 29. d4 Rd5 30. Rc5 Red8 31. Rbc1 Ne6 32. Rxd5 Rxd5 33. b5 axb5 34. axb5 Qd7 35. bxc6 bxc6 36. Bf1 Ng5 37. Qb8+ Kg7 38. Rb1 Nf3+ 39. Kg2 Qe7 40. Be2 c5 41. Qc8 Kh6 42. Rb7 Qd8 43. Qxd8 Rxd8 44. dxc5 Rc8 45. Bxf3 exf3+ 46. Kxf3 Rxc5 47. h4 Rc4 48. Rd7 Ra4 49. Rd4 Ra2 50. g4 fxg4+ 51. Rxg4 Kg7 52. Rb4 h6 53. Rb7+ Kf6 54. Rh7 Ra5 55. Kg3 Ra3 56. Kg4 Ra4+ 57. Kg3 h5 58. f3 Ra1 59. Rb7 Rg1+ 60. Kf4 Rh1 61. Rb6+ Kg7 62. e4 Kh6 63. Kg3 Kg7 64. e5 Re1 65. Rb7+ Kf8 66. Kf4 Re2 67. Kg5 Rxe5+ 68. Kxg6 Re3 69. f4 Re4 70. Kg5 Kg8 71. f5 Rg4+ 72. Kxh5 Rg1 73. Kh6 Rf1 74. Kg6 Rg1+ 75. Kf6 Rf1 76. h5 Rf2 77. Rb8+ Kh7 78. Ke6 Re2+ 79. Kf7 Rf2 80. f6 Rf1 81. Re8 Ra1 82. Kf8 Ra6 83. f7 Ra1 84. Ke7 Re1+ 85. Kd6 Rf1 86. f8R 1-0

[Event "Mittelrhein Verbandsliga-O 15/16"]
[Site "Nordrheinwestfalen"]
[Date "2016.03.13"]
[Round "9"]
[White "Weigant, Wladimir"]
[Black "Mews, Bernhard"]
[Result "1-0"]
[WhiteElo "2106"]
[BlackElo "1950"]
[PlyCount "63"]
[EventDate "2015.09.06"]
[EventType "team-tourn"]
[EventRounds "11"]
[EventCountry "GER"]
[SourceTitle "EXT 2022"]
[Source "ChessBase"]
[SourceDate "2021.10.06"]
[SourceVersion "1"]
[SourceVersionDate "2021.10.06"]
[SourceQuality "1"]
[WhiteTeam "Bonn Stadtverwaltung"]
[BlackTeam "Koeln Lasker II"]
[WhiteTeamCountry "GER"]
[BlackTeamCountry "GER"]

1. Nf3 c5 2. g3 Nc6 3. Bg2 g6 4. 0-0 Bg7 5. c4 d6 6. Nc3 Bf5 7. d3 Qd7 8. Nd5 Nf6 9. e4 Bg4 10. h3 Bxf3 11. Qxf3 Nd4 12. Nxf6+ Bxf6 13. Qd1 0-0 14. f4 Rab8 15. a4 b6 16. Rb1 a6 17. b4 cxb4 18. Rxb4 b5 19. axb5 axb5 20. Be3 Nc6 21. Rxb5 Rxb5 22. cxb5 Nd4 23. b6 Rb8 24. Qb1 Qa4 25. Rf2 Qa5 26. e5 dxe5 27. Bxd4 exd4 28. b7 e5 29. Ra2 Qd8 30. Ra8 exf4 31. gxf4 Be7 32. Qc1 1-0